Представление документа в формате RUSMARC

ПолеНазваниеЗначение
  Тип записи a
  Библиографический уровень a
001 Контрольный номер RU/CBS_UL/BASE/c0a4fe32a8c0484c9995381f568ea6a9
005 Дата корректировки 20250205111648.4
100 Данные общей обработки __
a Данные общей обработки 20240708 ||| 0rusy0189 ca
101 Язык документа 0_
a Язык текста rus
102 Страна публикации __
a Страна публикации RU
200 Заглавие и сведения об ответственности 1_
a Заглавие Торговал ли Алексашка пирогами?
e Сведения, относящиеся к заглавию [об исторической правде и мифах в образе Александра Меншикова в романе А. Толстого "Пётр I"]
f Первые сведения об ответственности Ю. Борисёнок
300 Общие примечания __
a Общие примечания 16+
320 Библиография __
a Библиография Библиогр.: с. 33
461 Уровень набора _0
1 2000
a Родина
463 Уровень физической единицы _0
1 2000
a № 11
v С. 28-33 : ил.
1 2101
d 2023
1 001RU/CBS_UL/BASE/aa159a031eed423f9cc0c498f874c03f
600 Персоналии _1
a Персоналии (Фамилия) Толстой
b Персоналии (Имя, инициалы) А. Н.
600 Персоналии _1
a Персоналии (Фамилия) Пётр I
606 Тематические рубрики 0_
a Основная рубрика Толстой, Алексей Николаевич (1882-1945) - "Пётр I", роман
610 Ключевые слова 0_
a Ключевые слова писатели русские
610 Ключевые слова 0_
a Ключевые слова романы
610 Ключевые слова 0_
a Ключевые слова Пётр I (романы)
610 Ключевые слова 0_
a Ключевые слова исторические романы
610 Ключевые слова 0_
a Ключевые слова князья
610 Ключевые слова 0_
a Ключевые слова родословные
610 Ключевые слова 0_
a Ключевые слова исторические личности
610 Ключевые слова 0_
a Ключевые слова историческая правда
610 Ключевые слова 0_
a Ключевые слова мифы
610 Ключевые слова 0_
a Ключевые слова соратники Петра I
686 Индексы других классификаций __
2 Код системы rubbk
a Классификационный индекс 83.3(2Рос=Рус)6
700 Автор _1
a Фамилия Борисёнок
b Имя (инициалы) Ю.
801 Источник записи _0
a Страна RU
b Организация МБУК ЦБС г. Ульяновска
c Дата составления 20240708
g Правила каталогизации RCR
801 Источник записи _1
a Страна RU
b Организация МБУК ЦБС г. Ульяновска
c Дата составления 20240708
g Правила каталогизации RCR
901 Тип документа __
t Тип документа b
w Контрольный № источника RU/CBS_UL/BASE/aa159a031eed423f9cc0c498f874c03f
909 Создатель записи __
a Создатель записи lib1